00330nam a2200133Ia 4500008004100000020001500041041001200056082001600068100001400084245004200098260003300140300000800173650001500181221030s9999 xx 000 0 und d a8174464247 aEnglish a105.23bKac aU. Kachru 0aStrategic Management Concepts & Cases bExcel BooksaNew Delhic2005 a786 aManagement